Foundation of Accounting Theory (Record no. 4180)
[ view plain ]
| 000 -LEADER | |
|---|---|
| fixed length control field | 00298nam a22001097a 4500 |
| 008 - FIXED-LENGTH DATA ELEMENTS--GENERAL INFORMATION | |
| fixed length control field | 160608b xxu||||| |||| 00| 0 eng d |
| 020 ## - INTERNATIONAL STANDARD BOOK NUMBER | |
| International Standard Book Number | 0813003418 |
| 082 ## - | |
| Classification number | 657 FOU |
| 100 ## - MAIN ENTRY--PERSONAL NAME | |
| Personal name | Stone, Willard (ED) |
| 245 ## - TITLE STATEMENT | |
| Title | Foundation of Accounting Theory |
| 260 ## - PUBLICATION, DISTRIBUTION, ETC. (IMPRINT) | |
| Place of publication, distribution, etc. | Gainesville |
| Name of publisher, distributor, etc. | University of Florida Press |
| Withdrawn status | Lost status | Damaged status | Not for loan | Date acquired | Total Checkouts | Date last seen | Price effective from |
|---|---|---|---|---|---|---|---|
| 23/08/2016 | 23/08/2016 | 23/08/2016 |
